Literature - World Literature | 1 | 6 | 0 | 1 | 75 | 86 | 108.00 | 1 | 7 |
Literature - British Literature | 0 | 7 | 0 | 0 | 70 | 81 | 102.43 | 5 | 7 |
Literature - American Literature | 0 | 4 | 1 | 1 | 35 | 107 | 121.25 | 0 | 3 |
Literature - European Literature | 0 | 4 | 1 | 0 | 35 | 79 | 118.25 | 3 | 3 |
Philosophy | 0 | 3 | 0 | 1 | 30 | 78 | 118.33 | 0 | 3 |
Science - Chemistry | 0 | 3 | 0 | 1 | 30 | 67 | 89.00 | 1 | 3 |
Science - Biology | 0 | 3 | 1 | 2 | 25 | 58 | 110.67 | 2 | 3 |
Social Science | 0 | 2 | 0 | 1 | 20 | 85 | 103.00 | 0 | 2 |
Pop Culture | 0 | 1 | 0 | 1 | 10 | 139 | 139.00 | 0 | 1 |
History - American History | 0 | 1 | 1 | 0 | 5 | 113 | 113.00 | 0 | 1 |
Mythology | 0 | 0 | 0 | 0 | 0 | | 0.00 | 0 | 0 |
History - World History | 0 | 0 | 0 | 0 | 0 | | 0.00 | 0 | 0 |
History - Other History | 0 | 0 | 1 | 0 | -5 | | 0.00 | 0 | 0 |
Fine Arts - Auditory Fine Arts | 0 | 0 | 1 | 0 | -5 | | 0.00 | 0 | 0 |